El Financiamiento del desarrollo integrado

Aspectos relacionados con el financiamiento del desarrollo integrado en Centroamérica 1960-1970. Estudia la movilización de recursos externos durante la década de 1960 y la capacidad de endeudamiento de los gobiernos para la década de 1970 y sus perspectivas. Examina el rol del BCIE en el pasado y e...

Description complète

Enregistré dans:
Détails bibliographiques
Collectivité auteur: SIECA
Format: Texte
Publié: Guatemala: SIECA
Sujets:
Tags: Ajouter un tag
Pas de tags, Soyez le premier à ajouter un tag!

MARC

LEADER 00000 a a2200000 04500
001 20071
003
040
090 |a 082300  
110 |a SIECA  
245 |a El Financiamiento del desarrollo integrado  
260 |a Guatemala:   |b SIECA  
300 |a 317 p.  
520 |a Aspectos relacionados con el financiamiento del desarrollo integrado en Centroamérica 1960-1970. Estudia la movilización de recursos externos durante la década de 1960 y la capacidad de endeudamiento de los gobiernos para la década de 1970 y sus perspectivas. Examina el rol del BCIE en el pasado y el futuro, como organismo financiero de la integración. Estudia el papel de la inversión extranjera directa, el financiamiento de los organismos de la integración, así como las perspectivas de la movilización del ahorro y la creación de un mercado común de capitales./ACM  
650 |a AMERICA CENTRAL  
650 |a MCCA  
650 |a INTEGRACION ECONOMICA  
650 |a FINANCIAMIENTO  
650 |a PROGRAMAS DE FINANCIACION  
650 |a INVERSIONES EXTRANJERAS  
999 |c 14579  |d 14579